| 000 | 005430000a22001810004500 | ||
|---|---|---|---|
| 003 | MACL | ||
| 005 | 20160407120411.0 | ||
| 008 | 160407b xxu||||| |||| 00| 0 eng d | ||
| 040 |
_aMACL _cMACL |
||
| 041 | _aHindi | ||
| 082 | _a500 | ||
| 100 |
_aसालवी दिलीप एम _950894 |
||
| 245 | _aयुग प्रवर्तक आविष्कार | ||
| 260 |
_bप्रकाशन विभाग _c1997 _aनई दिल्ली |
||
| 350 | _a50 | ||
| 650 |
_aPure Science _950895 |
||
| 942 |
_cHIN _k500 _2ddc |
||
| 999 |
_c18217 _d18217 |
||